000 00745nam a2200253#a 4500
001 00581
003 HDC
007 ta
008 230623s2001 xx 000 0 eng d
020 _a9780061345012 (pbk.).
040 _aHDC
050 _aHD 31
_b.D7672 2001
100 _aDrucker, Peter F.
245 4 _aThe essential drucker :
_bthe best of sixty years of Peter drucker's essential writing on management /
_cPeter F. Drucker
264 _aNew York :
_bCollins Business Essentials,
_c2001
300 _ax,357p. :
_c 20cm
500 _aIncludes bibliographical references and index.
650 _aIndustrial management
650 _aSuccess in business
942 _2lcc
942 _cBK
942 _kHD 31
942 _m.D7672 2001
999 _c22222
_d22222